|
|
|
|
| LEADER |
00000cam a2200000 7i4500 |
| 001 |
0000006938 |
| 005 |
20151222.0 |
| 008 |
070827 |
| 020 |
|
|
|a 9832661749
|
| 090 |
0 |
0 |
|a COM
|b ENG
|
| 100 |
1 |
|
|a Iskandar Ab Rashid
|
| 245 |
1 |
0 |
|a Fun with Science
|c Iskandar Ab Rashid,Zaitun Ismail
|
| 260 |
|
|
|a Selangor :
|b Venton Publishing ,
|c 2005
|
| 440 |
|
|
|a ICT series
|
| 500 |
|
|
|a Children ages 10-12 years old (pink)
|
| 650 |
|
0 |
|a Computer
|x Study and teaching
|
| 650 |
|
0 |
|a Junior fiction
|x English
|x Languages
|
| 700 |
0 |
|
|a Zaitun Ismail
|
| 999 |
|
|
|a 0000986597
|b Book
|c Children Collection
|e Perbadanan Perpustakaan Awam Johor
|
| 999 |
|
|
|a 0000986598
|b Book
|c Children Collection
|e Perbadanan Perpustakaan Awam Johor
|
| 999 |
|
|
|a 0000986599
|b Book
|c Children Collection
|e Cawangan Pontian
|
| 999 |
|
|
|a 0000986600
|b Book
|c Children Collection
|e Cawangan Muar
|
| 999 |
|
|
|a 0000986601
|b Book
|c Children Collection
|e Cawangan Bandar Tenggara
|
| 999 |
|
|
|a 0001002705
|b Book
|c Children Collection
|e Cawangan Pontian
|
| 999 |
|
|
|a 0001002707
|b Book
|c Adult Collection
|e Cawangan Segamat
|